01535njm a2200313Ia 450000100060000000300090000600500170001500800410003204000130007304000130008610000110009910000180011010000380012824500360016625000110020226000110021326000210022430000100024550000580025550501850031351100750049865000500057370000630062370001190068670001210080570000870092670000960101370001120110923805IT-RoPAU20220918181213.0131025s9999 xx 000 0 und d aIT-RoPAU cIT-RoPAU aAA.VV. eAutore musica gCodice autore musica SPICS: 12000 aConcerti per tromba (Lp Ss 154) a1a ed. aMILANO bBLUEBELL RECORDS aDISCO aConcerti per tromba. Musica classica. Musica barocca. aConcerto in do magg. per due trombe e orchestra - Concerto in re magg. per tromba e orchestra - Trumpet Voluntary - Aria di postiglione - Concerto in re magg per tromba e orchestra aOrchestra da Camera della Norddeutsche Rundfunk diretta da Otvos Gavor aCLASSICA [DISCHI]eCodice MATERIA SPICS: 9950 aAndré MauricegCodice interprete SPICS: 9944eInterprete aVivaldi AntoniogCodice autore musica SPICS: 11195eAutore musicapConcerto in do magg. per due trombe e orchestra aTelemann Georg PhilippgCodice autore musica SPICS: 8220eAutore musicapConcerto in re magg. per tromba e orchestra aPurcell HenrygCodice autore musica SPICS: 11083eAutore musicapTrumpet Voluntary aBach Johann SebastiangCodice autore musica SPICS: 9695eAutore musicapAria di postiglione aMozart LeopoldgCodice autore musica SPICS: 3487eAutore musicapConcerto in re magg per tromba e orchestra